00294pab a2200109 454500008003600000100002200036245005000058362001900108650001200127650003100139773001400170180718b xxu||||| |||| 00| 0 eng d aRamachandran Raju aJudging judges: no half way houses in conduct a19 Jul 93, p.8 a Judges aJustice, Administration of aStatesman